Aquaculture: (Record no. 11)

MARC details
000 -LEADER
fixed length control field 00410nam a22001577a 4500
005 - DATE AND TIME OF LATEST TRANSACTION
control field 20230412081915.0
008 - FIXED-LENGTH DATA ELEMENTS--GENERAL INFORMATION
fixed length control field 221013b |||||||| |||| 00| 0 eng d
020 ## - INTERNATIONAL STANDARD BOOK NUMBER
International Standard Book Number 978-93-5115-767-0
082 ## - DEWEY DECIMAL CLASSIFICATION NUMBER
Classification number 639.3 Aq656 2016
245 ## - TITLE STATEMENT
Title Aquaculture:
Remainder of title intermediate
260 ## - PUBLICATION, DISTRIBUTION, ETC.
Place of publication, distribution, etc. UAE:
Name of publisher, distributor, etc. 3G Elearning,
Date of publication, distribution, etc. 2016
300 ## - PHYSICAL DESCRIPTION
Extent v, 314p.:
Other physical details col. ill.; with CD
500 ## - GENERAL NOTE
General note Includes index
541 ## - IMMEDIATE SOURCE OF ACQUISITION NOTE
Accession number 5210
650 ## - SUBJECT ADDED ENTRY--TOPICAL TERM
Topical term or geographic name entry element Aquaculture
Holdings
Withdrawn status Lost status Source of classification or shelving scheme Damaged status Not for loan Home library Current library Date acquired Total Checkouts Full call number Barcode Date last seen Copy number Price effective from Koha item type
    Dewey Decimal Classification     ctu-moalboal ctu-moalboal 03/08/2018   639.3 Aq656 2016 5210 10/13/2022 1 10/13/2022 Books-Reference